Biologické čistenie odpadových vôd s vysokými koncentráciami dusíka - vybrané parametre denitritácie diplomová práca

Guardado en:
Detalles Bibliográficos
Autor principal: Beňáková, Barbora
Formato: Libro
Lenguaje:eslovaco
Publicado: Bratislava STU FCHPT 2013
Acceso en línea:Ver en el OPAC
Etiquetas: Agregar Etiqueta
Sin Etiquetas, Sea el primero en etiquetar este registro!

MARC

LEADER 00000nam a2200000 a 4500
005 20260127134033.0
008 130814 2013 000 0 slo d
035 |a vtls010535269 
039 9 |y 201308141440  |z mschk03 
040 |a STUSCHK1  |b slo  |c STUSCHK1  |e AACR2 
100 1 |a Beňáková, Barbora 
245 1 |a Biologické čistenie odpadových vôd s vysokými koncentráciami dusíka - vybrané parametre denitritácie  |b diplomová práca  |c Barbora Beňáková 
260 |a Bratislava  |b STU FCHPT  |c 2013 
300 |a 54 s.  |b il.  |c 30 cm 
500 |a Obhájené: 10.06.2013 
500 |a Štud. odbor: Chemické technológie 
500 |a Škol. pracovisko: Odd. environmentálneho inžinierstva 
500 |a Evid. číslo: FCHPT-13572-50019 
910 |a SCHK95 
999 |c 2607  |d 2607